000 00509cam a22002051 4500
001 sa 68006497
003 DLC
005 20260227112516.0
008 881102s1964 xx 000 0 mair
010 _asa 68006497
035 _a(OCoLC)23537369
040 _aDLC
_cMiU
_dDLC
042 _apremarc
050 0 0 _aPK1818.9.T5
_bC3
100 1 _aṬhākura, Ravīndra Nātha,
_d1936-
245 1 0 _aCalū caiū bahinā.
260 _a[n.p.]
_c[1964]
300 _a2, 2, 55 p.
_c19 cm.
500 _aRomanized.
999 _c81340
_d81340